000 00877nam a2200277 i 4500
001 000009760
003 DO-SdBNP
005 20240412074213.0
007 ta
008 091001s2005 dr a r 000 p spa d
020 _a9993479713
040 _aDO-SdBNP
_bspa
_cBNPHU
_erda
082 4 _aRD861.44
_bC355po
_222
100 1 _aCastro Beras, Pantolín de
_924668
245 1 0 _aPoemas en mi ocaso /
_cPantolín de Castro Beras; proemio Bonaparte Gautreaux Piñeyro.
264 _aSanto Domingo :
_bBúho,
_c2005.
300 _a70 páginas :
_bilustraciones ;
_c22 cm.
336 _2rdacontent
_atexto
_btxt
337 _2rdamedia
_asin mediación
_bn
338 _2rdacarrier
_avolumen
_bnc
590 _aInventariado, 2018/BT
650 0 _aPoesía dominicana
_966
650 0 _aLiteratura dominicana.
_967
910 _aValidado. Control de calidad. MMOLINA
942 _2ddc
_cLBS1
999 _c9520
_d9520